Middle States - Statistics

General Stats
  • This quiz has been taken 38 times
  • The average score is 17 of 20
Answer Stats
Letter That It Starts With Answer % Correct
"A" Arkansas
97%
"A" Alabama
94%
"F" Florida
94%
"G" Georgia
94%
"O'' Ohio
94%
"P" Pennsylvania
88%
"N" North Carolina
84%
"N" North Dakota
84%
"O" Oklahoma
84%
"S" South Dakota
84%
"T" Tennessee
84%
"I" Illinois
81%
"L" Louisiana
81%
"N" Nebraska
81%
"W' Washington
81%
"I" Iowa
78%
"M" Missouri
78%
"N" New York
75%
"M" Mississippi
72%
"W" Wisconsin
72%
No matching quizzes found
Score Distribution
Percent of People with Each Score
Percentile by Number Answered
Your Score History
You have not taken this quiz